00663 2200241 4500001002100000005001500021035002000036007000300056008004100059040001200100082001400112084001600126090001800142100002000160245009700180250001900277260003600296300003000332650002100362850001200383041000800395990001800403INLIS00000000079346320180714110923 a0010-0718000460ta180714 eng  aYOPDYOG04223a200.1 a200.1 BUR m aL 200.1 BUR m1 aBurtt, Edwin A. aMan seeks the divine :ba study in the history and comparison of religions /cEdwin A. Burtt aSecond edition aNew York :bHarper & Row,c1957 axii, 514 halaman ;c21 cm 4aAgama--xSejarah aYOPDYOG0 aeng a59189-PD/A.18